00723 a2200181 450000500170000000800410001702000180005804000500007604100080012610000300013424501250016426000820028930000180037150000210038965000440041065000550045471000320050920150904115335.0150831s2013 ck a fr|||| 001 0 spa d a9789585719286 aCO-BoUCMbspacSandra PalaciodSandra Palacio0 aspa1 aMesa Jaramillo, José M.10aMinas de Antioquia bcatálogo de las que se han titulado en 161 años desde 1739 hasta 1900cJosé M. Mesa Jaramillo c2013bCorporación Universitaria RemingtonaMedellín (Antioquia, Colombia) a405 páginas aIncluye índice 7aMinas y1739-1900zAntioquia (Colombia) 7aMinas vCatalogosy1739-1900zAntioquia (Colombia) aExpedición Antioquia 2013